000 00424nam a2200157Ia 4500
008 151021s9999 xx 000 0 und d
020 _a130872059
050 _aQD33.M137 2001
245 _a_Chemistry / John McMurry
260 _aNew Jersey : Prentice Hall, 2001
300 _axxvii,1015 p.
500 _aIncludes index
500 _aIncludes index
650 _a_Chemistry
980 _a^d20130527 01:48:33^oanne
999 _c13789
_d13789